000 01032nam a22002537a 4500
999 _c102201
_d102201
005 20181205151010.0
010 _a1617EN ENG-117551
020 _c400.00
_a9788121904766
035 _aB-654477-487
035 _aB-667885
035 _aEN-101083
037 _adpl
_bTechniz
082 _a621.38
_bANO
100 _aAnokh Singh
245 _aPrinciples of communication Engineering /
_cby Anokh Singh [and] A. K. Chhabra
260 _aNew Delhi
_bS.Chand
_c2014
270 _a7361.Ram Nagar
_bDelhi
_e110002
300 _a662 p :
_c27cm(pbk)
_bill
500 _aincludes index
700 _aChhabra A.K.
942 _2ddc
_cEN
_h621.38
_mANO